Czy uda ci się rozpoznać debiutową piosenkę do Kpop grupy - Statystyki

Ogólne statystyki
  • Ten quiz został rozwiązany 220 razy
  • Średni wynik to 5 z 11
Statystyki odpowiedzi
zespół piosenka debiutowa % Poprawnych
Itzy Dalla Dalla
66%
IVE Eleven
66%
(G)I-DLE Latata
65%
Le Sserafim Fearless
59%
Baby Monsters Batter Up
56%
NMIXX O.O
54%
Twice Like OOH-AHH
33%
Kiss of life Shhh!
27%
VCHA Girls of the year
12%
NewJeans Attencion
8%
Blackpink Boombayah i Whistle
4%
Nie znaleziono quizów pasujących do podanych kryteriów
Rozkład punktacji
Procent ludzi z każdym wynikiem
Percentyl według liczby udzielonych odpowiedzi
Twoja historia wyników
Nie rozwiązałeś tego quizu